Los siete locos
Αποθηκεύτηκε σε:
| Κύριος συγγραφέας: | |
|---|---|
| Μορφή: | Βιβλίο |
| Γλώσσα: | Ισπανικά |
| Έκδοση: |
Buenos Aires
Compañía General Fabril
1968
|
| Σειρά: | <Los >Libros del Mirasol, 205
|
| Θέματα: | |
| Ετικέτες: |
Προσθήκη ετικέτας
Δεν υπάρχουν, Καταχωρήστε ετικέτα πρώτοι!
|
MARC
| LEADER | 00000nam a2200000 a 4500 | ||
|---|---|---|---|
| 001 | UCT6430 | ||
| 003 | CL-VaPUC | ||
| 008 | 970113e19680000AG |||||||||||||||||spa|d | ||
| 082 | 0 | 4 | |a Ar863 |b ARL |2 21 |
| 100 | 0 | |a Arlt, Roberto |e author |9 376629 | |
| 245 | 1 | 4 | |a Los siete locos |
| 300 | |a 268 p | ||
| 942 | |c BK | ||
| 945 | |d 19970113 00:00:00 |a rbrito | ||
| 260 | |a Buenos Aires |b Compañía General Fabril |c 1968 | ||
| 650 | 0 | |a Novelas argentinas |9 267871 | |
| 583 | |a last modification |c 19970113 00:00:00 |k Rodrigo Vera | ||
| 490 | 0 | |a <Los >Libros del Mirasol, 205 | |
| 999 | |c 255137 |d 255135 | ||
| 952 | |0 0 |1 0 |4 0 |6 AR_863_000000000000000_ARL_1968 |7 0 |8 A |9 277245 |a BIBEDU |b BIBEDU |d 2019-11-19 |i 326646K |o Ar863 ARL 1968 |p 326646K |r 2019-11-19 |w 2019-11-19 |y BK |k LIT | ||
| 952 | |0 0 |1 0 |4 0 |6 AR_863_000000000000000_ARL_1968 |7 0 |8 A |9 277246 |a BIBART |b BIBART |d 2019-11-19 |i 1206915 |o Ar863 ARL 1968 |p 1206915 |r 2025-03-13 |w 2019-11-19 |y BK |k ART | ||